000 00225nam a22000857a 4500
008 160817b xxu||||| |||| 00| 0 eng d
100 _9165
_aIrala N
245 _aAchieving peace of Heart
260 _aNew York
_bJoseph F. Wagner
_c1969
999 _c2823
_d2823